000 00590nam a2200193 u 4500
005 20240309063638.0
008 171110s2007 mx r 000 0 spa d
020 _a9789703706624
035 _aUPN01000221580
049 _aI
050 4 _aGB848
_bT8.2
100 1 _aTunkin, David
_941999
245 1 1 _a¿Adónde se fueron los charcos? /
_cDavid Tunkin ; tr. María del Pilar Carril.
260 _aMéxico :
_bDestino,
_cc2007.
300 _a16 p. :
_bprincipalmente il. col.
650 4 _aCiclo hidrológico
_91654
650 4 _aAGUA -
_vLITERATURA INFANTIL
_922057
905 _aInfantil
999 _c193677
_d193677